| 000 | 00629nam a2200229Ia 4500 | ||
|---|---|---|---|
| 003 | OSt | ||
| 005 | 20221007062727.0 | ||
| 006 | a|||||r|||| 00| 0 | ||
| 007 | ta | ||
| 008 | 221006b |||||||| |||| 00| 0 eng d | ||
| 024 | _a12,201 | ||
| 037 | _cTextual | ||
| 040 |
_aFLL _cFLL _beng |
||
| 041 |
_2eng _aeng |
||
| 082 | _aV2:8-2:N5z7, K7 | ||
| 100 |
_aMunshi K.M. Au. _9579208 |
||
| 245 | 0 | _aPilgrimage to freedom(1902-1950) | |
| 260 |
_aBomaby _bBharatiya vidya bhavan India _c1967 |
||
| 300 |
_axviii,621p _ccm. |
||
| 942 |
_hV2:8-2:N5z7, K7 _cTEXL _2CC |
||
| 999 |
_c1129392 _d1129392 |
||